Top 5 Landen met de Meeste Inwoners per Continent - Statistieken

Algemene statistieken
  • Deze quiz is 5.408 keer genomen
  • De gemiddelde score is 22 van 30
Antwoordstatistieken
Inwoners Land % Correct
Azië 1,418 m China
97%
Europa 111 m Rusland
96%
Oceanië 25.0 m Australië
95%
Noord-Amerika 329 m Verenigde Staten
95%
Europa 82.4 m Duitsland
94%
Europa 65.5 m Frankrijk
94%
Zuid-Amerika 212 m Brazilië
92%
Noord-Amerika 37.2 m Canada
92%
Azië 1,365 m India
92%
Noord-Amerika 132 m Mexico
91%
Oceanië 4.78 m Nieuw-Zeeland
90%
Zuid-Amerika 45.0 m Argentinië
88%
Europa 59.2 m Italië
84%
Europa 67.0 m Verenigd Koninkrijk
83%
Zuid-Amerika 49.8 m Colombia
77%
Afrika 101 m Egypte
73%
Zuid-Amerika 32.9 m Peru
73%
Azië 269 m Indonesië
72%
Afrika 86.1 m Democratische Republiek Congo
71%
Afrika 200 m Nigeria
70%
Zuid-Amerika 32.7 m Venezuela
69%
Oceania 8.55 m Papoea-Nieuw-Guinea
59%
Oceanië 0.917 m Fiji
55%
Azië 204 m Pakistan
54%
Azië 168 m Bangladesh
45%
Noord-Amerika 17.5 m Guatemala
45%
Afrika 110 m Ethiopië
44%
Oceanië 0.632 m Salomonseilanden
32%
Afrika 60.5 m Tanzania
32%
Noord-Amerika 11.5 m Haïti
31%
Geen overeenkomende quizzen gevonden
Scoreverdeling
Procent van Mensen met Elke Score
Percentiel versus Aantal Correcte Antwoorden
Uw Scoregeschiedenis
U heeft deze quiz nog niet genomen